[Event "TCh-RUS Blitz 2015"]
[Site "Sochi RUS"]
[Date "2015.05.10"]
[Round "11.19"]
[White "Usmanov, Vasily"]
[Black "Kokarev, Dmitry"]
[Result "0-1"]
[WhiteTitle "IM"]
[BlackTitle "GM"]
[WhiteElo "2462"]
[BlackElo "2635"]
[WhiteTeam "SDYUSSHOR Hilti (St. Petersburg)"]
[BlackTeam "Sibir (Novosibirsk)"]
[WhiteFideId "4135741"]
[BlackFideId "4132181"]
[EventDate "2015.05.10"]

1. c4 g6 2. g3 Bg7 3. Bg2 c5 4. Nc3 Nc6 5. e3 Nh6 6. Nge2 Nf5 7. d3 O-O 8. O-O
b6 9. b3 Bb7 10. Bb2 d6 11. Qd2 Qd7 12. Rae1 Rad8 13. Nf4 e6 14. Ne4 Qe7 15.
Bxg7 Nxg7 16. g4 f5 17. gxf5 Nxf5 18. Ng3 Ne5 19. Nxf5 Rxf5 20. e4 Rxf4 21. Qxf4
Nxd3 22. Qg3 Nxe1 23. Rxe1 e5 24. h4 Rf8 25. h5 g5 26. Bh3 h6 27. Bf5 Bc8 28.
Bxc8 Rxc8 29. Re3 Rf8 30. Rf3 Rf4 31. Rxf4 exf4 32. Qd3 Qe6 33. f3 Qe5 34. Kg2
Kf7 35. a3 Qd4 36. Qc2 Qe5 37. b4 cxb4 38. axb4 a5 39. bxa5 bxa5 40. Qa4 Ke7 41.
Qc6 g4 42. fxg4 Kf6 43. Kf3 Kg5 44. Qb5 Qc5 45. Qd7 Qe3+ 46. Kg2 Qe2+ 47. Kg1
Qxg4+ 48. Qxg4+ Kxg4 49. e5 0-1

[Event "TCh-RUS Blitz 2015"]
[Site "Sochi RUS"]
[Date "2015.05.10"]
[Round "11.20"]
[White "Maletin, Pavel"]
[Black "Palchun, Grigory"]
[Result "1-0"]
[WhiteTitle "GM"]
[WhiteElo "2587"]
[BlackElo "2288"]
[WhiteTeam "Sibir (Novosibirsk)"]
[BlackTeam "SDYUSSHOR Hilti (St. Petersburg)"]
[WhiteFideId "4146786"]
[BlackFideId "24147338"]
[EventDate "2015.05.10"]

1. Nf3 Nf6 2. g3 d5 3. Bg2 c6 4. c4 Bg4 5. Ne5 Bf5 6. cxd5 cxd5 7. Nc3 Nbd7 8.
Qa4 e6 9. g4 Bg6 10. h4 Bd6 11. Nxd7 Qxd7 12. Qxd7+ Kxd7 13. h5 Be4 14. Nxe4
Nxe4 15. d3 Nc5 16. Be3 Na4 17. b3 Bb4+ 18. Bd2 Bxd2+ 19. Kxd2 Nc5 20. g5 h6 21.
f4 Rac8 22. Bf3 Na6 23. a3 Nc5 24. Rab1 Kd6 25. Rhg1 Rhg8 26. Ke3 Nd7 27. Rbc1
Rxc1 28. Rxc1 hxg5 29. fxg5 f6 30. gxf6 Nxf6 31. Rg1 e5 32. Rg5 d4+ 33. Kd2 b6
34. b4 a5 35. bxa5 bxa5 36. Rg1 Rh8 37. Rxg7 Nxh5 38. Ra7 Nf4 39. Ra6+ Ke7 40.
Rxa5 Kd6 41. Ra6+ Ke7 42. a4 Rb8 43. Ra7+ Kd6 44. Rb7 Rc8 45. a5 Rc3 46. a6 Ra3
47. a7 Nd5 48. Rb5 Ra2+ 49. Ke1 Ra1+ 50. Kf2 Rxa7 51. Rxd5+ Ke6 52. Be4 Rf7+ 53.
Ke1 Rg7 54. Rc5 Ra7 55. Rc6+ Ke7 56. Bd5 Ra5 57. Re6+ Kd7 58. Bc4 Rc5 59. Rh6
Ra5 60. Kf2 Ke7 61. Kf3 Kd7 1-0

[Event "TCh-RUS Blitz 2015"]
[Site "Sochi RUS"]
[Date "2015.05.10"]
[Round "11.21"]
[White "Goganov, Aleksey"]
[Black "Demidov, Mikhail"]
[Result "1-0"]
[WhiteTitle "GM"]
[BlackTitle "IM"]
[WhiteElo "2609"]
[BlackElo "2513"]
[WhiteTeam "Polytechnic (Nizhny Tagil)"]
[BlackTeam "Boavista (Moscow)"]
[WhiteFideId "24109959"]
[BlackFideId "4197143"]
[EventDate "2015.05.10"]

1. Nf3 d5 2. g3 Nf6 3. Bg2 c6 4. O-O g6 5. b3 Bg7 6. Bb2 O-O 7. c4 Bg4 8. d3
Nbd7 9. Nbd2 Re8 10. h3 Bxf3 11. Nxf3 e6 12. Rc1 Nh5 13. d4 Nhf6 14. e3 a6 15.
Qe2 Ne4 16. Nd2 Nd6 17. e4 dxe4 18. Nxe4 Nxe4 19. Qxe4 Qa5 20. a3 Rad8 21. b4
Qb6 22. Rfd1 Nf6 23. Qc2 Rd7 24. Rd3 Red8 25. Rcd1 Ne8 26. c5 Qc7 27. a4 Nf6 28.
Qc4 Nd5 29. b5 axb5 30. axb5 cxb5 31. Qxb5 Ne7 32. Qb3 h5 33. h4 Nf5 34. Qc4 Kh7
35. Bc3 b6 36. c6 Rd6 37. d5 exd5 38. Bxd5 Bxc3 39. Qxc3 Ne7 40. Bf3 Rxd3 41.
Rxd3 Rxd3 42. Qxd3 Qe5 43. Qd7 Kg7 44. c7 b5 45. Qxe7 Qxe7 46. c8=Q b4 47. Qc4
Qe1+ 48. Kg2 Qe7 49. Qd5 Kg8 50. Bd1 Kg7 51. Bb3 Qf6 52. Qc5 Qd8 53. Qxb4 Qa8+
54. Kh2 Qf3 55. Qd4+ Kg8 56. Bd5 Qa3 57. Kg2 Qe7 58. Qe4 Qf6 59. Bc4 Kg7 60. Qd5
Qe7 61. Qxf7+ Qxf7 62. Bxf7 Kxf7 63. Kf3 Kf6 64. Kf4 Kf7 65. Kg5 Kg7 66. f4 Kf7
67. f5 gxf5 68. Kxf5 1-0

[Event "TCh-RUS Blitz 2015"]
[Site "Sochi RUS"]
[Date "2015.05.10"]
[Round "11.22"]
[White "Vastrukhin, Oleg"]
[Black "Krutko, Anatoly"]
[Result "1-0"]
[BlackTitle "FM"]
[WhiteElo "2389"]
[BlackElo "2397"]
[WhiteTeam "Boavista (Moscow)"]
[BlackTeam "Polytechnic (Nizhny Tagil)"]
[WhiteFideId "4192770"]
[BlackFideId "4185862"]
[EventDate "2015.05.10"]

1. Nf3 Nf6 2. g3 g6 3. Bg2 Bg7 4. O-O O-O 5. c4 d6 6. Nc3 e5 7. d3 Re8 8. e4 a5
9. a3 Bg4 10. h3 Bxf3 11. Bxf3 Nc6 12. Rb1 Nd4 13. Be3 Nd7 14. Kg2 c6 15. Bg4
Nf8 16. Ne2 h5 17. Bf3 Nfe6 18. Nxd4 exd4 19. Bd2 Nc5 20. Qc2 a4 21. Rbe1 h4 22.
Bf4 Be5 23. Bc1 Nb3 24. Bg4 hxg3 25. fxg3 Nxc1 26. Qxc1 Kg7 27. Rf3 Rf8 28. h4
Qe7 29. Rh1 Rh8 30. Rhf1 f6 31. Rh1 Ra6 32. h5 g5 33. h6+ Rxh6 34. Rxh6 Kxh6 35.
Bf5 Kg7 36. g4 Ra8 37. Rh3 Rh8 38. Qh1 Rxh3 39. Qxh3 Kg8 40. Qh5 b5 41. Qg6+ Kf8
42. cxb5 cxb5 43. Kf3 b4 44. axb4 Qb7 45. Be6 Qg7 46. Qh5 Bf4 47. Bd5 Bc1 48.
Qh2 Ke7 49. Qc2 Bf4 50. Qc7+ Kf8 51. Qd8# 1-0

[Event "TCh-RUS Blitz 2015"]
[Site "Sochi RUS"]
[Date "2015.05.10"]
[Round "11.23"]
[White "Pogromsky, Mikhail"]
[Black "Pasiev, Rakhim"]
[Result "1/2-1/2"]
[WhiteTitle "IM"]
[BlackTitle "IM"]
[WhiteElo "2428"]
[BlackElo "2384"]
[WhiteTeam "Polytechnic (Nizhny Tagil)"]
[BlackTeam "Boavista (Moscow)"]
[WhiteFideId "4184688"]
[BlackFideId "24122475"]
[EventDate "2015.05.10"]

1. Nf3 c5 2. c4 Nc6 3. d4 cxd4 4. Nxd4 Nf6 5. Nc3 g6 6. e4 d6 7. Be2 Nxd4 8.
Qxd4 Bg7 9. Bg5 O-O 10. O-O Be6 11. Qd2 a5 12. b3 a4 13. Rab1 axb3 14. axb3 Qa5
15. f3 Rfe8 16. Nb5 Qxd2 17. Bxd2 Rec8 18. Bc3 Nd7 19. Bxg7 Kxg7 20. Ra1 Nc5 21.
b4 Rxa1 22. Rxa1 Nb3 23. Ra3 Nd2 24. Ra7 Bxc4 25. Bxc4 Rxc4 26. Rxb7 Rxb4 27.
Nxd6 Rxb7 28. Nxb7 1/2-1/2

[Event "TCh-RUS Blitz 2015"]
[Site "Sochi RUS"]
[Date "2015.05.10"]
[Round "11.24"]
[White "Denishev, Marat"]
[Black "Vokarev, Sergey"]
[Result "0-1"]
[BlackTitle "GM"]
[WhiteElo "2275"]
[BlackElo "2456"]
[WhiteTeam "Boavista (Moscow)"]
[BlackTeam "Polytechnic (Nizhny Tagil)"]
[WhiteFideId "24131563"]
[BlackFideId "4119711"]
[EventDate "2015.05.10"]

1. d4 Nf6 2. c4 g6 3. Nf3 Bg7 4. Nc3 d5 5. Bf4 O-O 6. Rc1 c6 7. e3 Be6 8. cxd5
Nxd5 9. Nxd5 Bxd5 10. a3 Nd7 11. Be2 Bxf3 12. Bxf3 e5 13. dxe5 Nxe5 14. Bxe5
Bxe5 15. O-O Qf6 16. Qc2 Rad8 17. b4 a6 18. h3 Rd7 19. Rfd1 Rfd8 20. Rxd7 Rxd7
21. Rd1 Qd8 22. Rxd7 Qxd7 23. Qe4 Bd6 24. h4 h5 25. g3 Qe7 26. Qc4 Qe5 27. Kg2
Kg7 28. Be4 Be7 29. Bf3 Bf6 30. Qd3 Qe7 31. Qd1 Qd8 32. Qb3 Qd6 33. Qc2 Qe5 34.
Qd3 Kf8 35. Qd7 Qe7 36. Qd3 Qd8 37. Qc2 Qd6 38. Qc4 Be7 39. Qc3 Qf6 40. Qd3 Qe6
41. Qc3 Bf6 42. Qd3 Ke7 43. Be4 Qe5 44. Qc2 Qc3 45. Qa2 Qb2 46. Qxb2 Bxb2 47. a4
f5 48. Bf3 Kd6 49. Kf1 b5 50. axb5 axb5 51. Ke2 Bc3 52. Kd3 Bxb4 53. Be2 Be1 54.
Bf3 Bxf2 0-1

[Event "TCh-RUS Blitz 2015"]
[Site "Sochi RUS"]
[Date "2015.05.10"]
[Round "11.25"]
[White "Bocharov, Ivan"]
[Black "Triapishko, Olexandr"]
[Result "0-1"]
[WhiteTitle "FM"]
[WhiteElo "2489"]
[BlackElo "2393"]
[WhiteTeam "56 parallel (Krasnoyarsk)"]
[BlackTeam "Crimea (Republic of Crimea)"]
[WhiteFideId "4180887"]
[BlackFideId "14122286"]
[EventDate "2015.05.10"]

1. f4 e5 2. fxe5 d6 3. Nf3 dxe5 4. e4 Bd6 5. Bc4 Nf6 6. d3 O-O 7. O-O h6 8. Nc3
Nc6 9. Qe1 Be6 10. Bxe6 fxe6 11. Be3 Ng4 12. h3 Nxe3 13. Qxe3 Nd4 14. Qd2 Nxf3+
15. Rxf3 Rxf3 16. gxf3 Qe8 17. Qg2 Qe7 18. Kh1 Rf8 19. Rf1 Bc5 20. Nb1 Kh7 21.
Nd2 b5 22. Qg3 Be3 23. Nb1 Bf4 24. Qg4 Rf6 25. Nc3 Rg6 26. Qh5 Rg5 27. Qh4 Rg1+ 0-1

[Event "TCh-RUS Blitz 2015"]
[Site "Sochi RUS"]
[Date "2015.05.10"]
[Round "11.26"]
[White "Shemeakin, Alexander"]
[Black "Kiriakov, Petr"]
[Result "1/2-1/2"]
[WhiteTitle "IM"]
[BlackTitle "GM"]
[WhiteElo "2247"]
[BlackElo "2535"]
[WhiteTeam "Crimea (Republic of Crimea)"]
[BlackTeam "56 parallel (Krasnoyarsk)"]
[WhiteFideId "14101840"]
[BlackFideId "4119231"]
[EventDate "2015.05.10"]

1. d4 e6 2. c4 Nf6 3. Nc3 d5 4. Nf3 Nbd7 5. Bg5 c6 6. cxd5 exd5 7. e3 Be7 8. Bd3
Ne4 9. Bxe7 Qxe7 10. O-O O-O 11. Qc2 Ndf6 12. Ne5 Nd6 13. h3 g6 14. b4 a6 15. a4
Bf5 16. Bxf5 Nxf5 17. b5 axb5 18. axb5 c5 19. Nf3 cxd4 20. exd4 Rac8 21. Qb3 Qd6
22. Rfd1 Rc4 23. Ne2 Rfc8 24. Ne5 Rb4 25. Qd3 Nxd4 26. Nxd4 Qxe5 27. Nf3 Qc3 28.
Qf1 Qc4 29. Rac1 Qxf1+ 30. Kxf1 Rxc1 31. Rxc1 Rxb5 32. Rc7 Ne4 33. Ne5 Rb1+ 34.
Ke2 Rb2+ 35. Ke3 Rxf2 36. Rxb7 Rf5 37. Ng4 Kg7 38. Kd4 Nf6 39. Ne5 Ne4 40. g4
Rf1 41. Kxd5 Ng5 42. h4 Ne6 43. g5 Rf5 44. Kd6 Nf4 45. Ng4 Rd5+ 46. Kc6 Rd8 47.
Ne5 Rf8 48. Kd6 Ng2 49. Nf3 Ne3 50. Ke5 Nf5 51. Kf4 Rd8 52. h5 Nd6 53. h6+ Kf8
54. Ra7 Rb8 55. Ne5 Rb4+ 56. Kf3 Rb3+ 57. Kf4 Rb4+ 58. Kf3 Rb3+ 59. Kf4 Rb4+ 60.
Kf3 1/2-1/2

[Event "TCh-RUS Blitz 2015"]
[Site "Sochi RUS"]
[Date "2015.05.10"]
[Round "11.27"]
[White "Zablotsky, Sergei"]
[Black "Alexeev, Alexey"]
[Result "1/2-1/2"]
[WhiteTitle "GM"]
[BlackTitle "IM"]
[WhiteElo "2525"]
[BlackElo "2320"]
[WhiteTeam "56 parallel (Krasnoyarsk)"]
[BlackTeam "Crimea (Republic of Crimea)"]
[WhiteFideId "4131606"]
[BlackFideId "14106663"]
[EventDate "2015.05.10"]

1. c4 Nf6 2. Nc3 g6 3. d4 Bg7 4. e4 d6 5. Nf3 O-O 6. h3 e5 7. d5 a5 8. Be3 Na6
9. g4 Nd7 10. Rg1 Kh8 11. a3 Nac5 12. Rb1 a4 13. Nd2 f5 14. gxf5 gxf5 15. exf5
Nb6 16. Bxc5 dxc5 17. Bd3 Bxf5 18. Bxf5 Rxf5 19. Qg4 Qf8 20. Nde4 Rf4 21. Qh5
Qf5 22. Qxf5 Rxf5 23. Nxc5 Nxc4 24. N3e4 Nd6 25. Ke2 Nxe4 26. Nxe4 Ra5 27. Rbd1
Rb5 28. Rd2 Rf4 29. Rg4 h5 30. Rxf4 exf4 31. Kf3 Rxb2 32. Rxb2 Bxb2 33. Nc5 Bxa3
34. Nxa4 b5 35. Nc3 b4 36. Ne4 b3 37. Nd2 b2 38. Kxf4 Kg7 39. Kg5 Bc5 40. f4 Be3
41. Nb1 h4 42. Kxh4 Bxf4 43. Kg4 Bc1 44. Kf5 Kf7 45. h4 Bh6 46. Nc3 Bc1 47. Nb1
Bh6 48. Nc3 Bc1 1/2-1/2

[Event "TCh-RUS Blitz 2015"]
[Site "Sochi RUS"]
[Date "2015.05.10"]
[Round "11.28"]
[White "Gritsayeva, Oksana"]
[Black "Mikhel, Vladislav"]
[Result "0-1"]
[WhiteTitle "WFM"]
[BlackTitle "FM"]
[WhiteElo "2328"]
[BlackElo "2347"]
[WhiteTeam "Crimea (Republic of Crimea)"]
[BlackTeam "56 parallel (Krasnoyarsk)"]
[WhiteFideId "14104652"]
[BlackFideId "4140435"]
[EventDate "2015.05.10"]

1. e4 c5 2. Nf3 d6 3. Bb5+ Bd7 4. Bxd7+ Nxd7 5. O-O Ngf6 6. Re1 e6 7. c4 Be7 8.
Nc3 O-O 9. b3 a6 10. Bb2 Rb8 11. d4 b5 12. cxb5 axb5 13. e5 Ne8 14. dxc5 Nxc5
15. exd6 Nxd6 16. Ne2 Qb6 17. Rc1 Nf5 18. Ned4 Rfd8 19. Qe2 Nd6 20. Ne5 Rbc8 21.
Qf3 Bf6 22. Ba1 b4 23. Ng4 Bg5 24. Rcd1 Qa6 25. Qg3 Nde4 26. Qf3 Nd2 27. Qg3
Nce4 28. Qh3 Nc3 29. Bxc3 bxc3 30. Nc2 Qxa2 31. Nce3 c2 32. Rc1 Nxb3 33. Rxc2
Rxc2 34. Nxc2 Qxc2 35. Qf3 Nd2 36. Qe2 Qc4 37. Qd1 Ne4 38. Qf3 f5 39. Ne3 Bxe3
40. Qxe3 Qd4 41. Qf3 Qd3 42. Qf4 Qd2 43. Qxd2 Rxd2 44. f3 Nc5 45. Re5 Rd5 46.
Re2 Kf7 47. Kf2 e5 48. g4 g6 49. gxf5 gxf5 50. Ra2 Ke6 51. Ra7 Rd7 52. Ra5 Kd5
53. h4 f4 54. Ra8 Kc4 55. Re8 Kc3 56. Kg2 Rg7+ 57. Kf1 Nd3 58. Ke2 Rg2+ 59. Kf1
Rf2+ 60. Kg1 Rxf3 0-1

[Event "TCh-RUS Blitz 2015"]
[Site "Sochi RUS"]
[Date "2015.05.10"]
[Round "11.29"]
[White "Smirnov, Alexey"]
[Black "Lugovskoy, Maxim"]
[Result "0-1"]
[BlackTitle "IM"]
[WhiteElo "2453"]
[BlackElo "2427"]
[WhiteTeam "BOC Russian Federation (Smolensk region)"]
[BlackTeam "Krasnodar region"]
[WhiteFideId "4168437"]
[BlackFideId "24126454"]
[EventDate "2015.05.10"]

1. d4 d5 2. c4 e6 3. Nf3 Nf6 4. Nc3 Be7 5. Bf4 O-O 6. e3 b6 7. cxd5 Nxd5 8. Nxd5
exd5 9. Bd3 c5 10. O-O c4 11. Bc2 Nc6 12. e4 Bg4 13. Be3 f5 14. exf5 Bxf5 15.
Ne5 Bxc2 16. Qxc2 Nb4 17. Qd2 Bd6 18. f4 Qh4 19. Nf3 Qe7 20. Ne5 Bxe5 21. dxe5
Nd3 22. Bd4 Qe6 23. Rf3 Rf7 24. Raf1 Raf8 25. h3 h5 26. Qe3 Nb4 27. f5 Rxf5 28.
Rxf5 Rxf5 29. Rxf5 Qxf5 30. e6 Qe4 31. e7 Qxe3+ 32. Bxe3 Kf7 0-1

[Event "TCh-RUS Blitz 2015"]
[Site "Sochi RUS"]
[Date "2015.05.10"]
[Round "11.31"]
[White "Draganov, Ruslan"]
[Black "Zakaryan, David"]
[Result "1/2-1/2"]
[WhiteTitle "FM"]
[BlackTitle "FM"]
[WhiteElo "2195"]
[BlackElo "2322"]
[WhiteTeam "BOC Russian Federation (Smolensk region)"]
[BlackTeam "Krasnodar region"]
[WhiteFideId "4108736"]
[BlackFideId "24101923"]
[EventDate "2015.05.10"]

1. e4 c6 2. Nf3 g6 3. d4 d5 4. e5 Bg7 5. Bd3 Nh6 6. h3 O-O 7. Bf4 f6 8. Qd2 Nf7
9. exf6 Bxf6 10. Nc3 Nd7 11. O-O e5 12. dxe5 Ndxe5 13. Nxe5 Nxe5 14. Bh6 Re8 15.
Rfe1 Nxd3 16. cxd3 Bd7 17. Rxe8+ Qxe8 18. Re1 Qf7 19. b4 Re8 20. Rxe8+ Qxe8 21.
Ne2 Qe7 22. Be3 b6 23. d4 Qe4 24. Nc3 Qe7 25. Ne2 Qe4 26. Nc3 Qe7 27. a3 Bc8 28.
Qa2 Qe6 29. b5 Bd7 30. a4 Be7 31. Qe2 Bb4 32. bxc6 Bxc6 33. Nb5 Qd7 34. Qg4 Bxb5
35. axb5 Qxg4 36. hxg4 Kf7 37. Kf1 Ke6 38. Bf4 Bc3 39. Be5 Bb2 40. Ke2 Bc3 41.
Kd3 Be1 42. Bg3 Bb4 43. Bf4 Be1 44. Be3 Bb4 45. f4 Bd6 46. Bd2 h5 47. gxh5 gxh5
48. Ke3 Kf5 49. Kf3 Be7 50. Bc3 Bf6 51. Bb2 Bg7 52. Bc3 Bf6 53. g3 Be7 54. Bb4
Bxb4 1/2-1/2

[Event "TCh-RUS Blitz 2015"]
[Site "Sochi RUS"]
[Date "2015.05.10"]
[Round "11.32"]
[White "Oganyan, Arsen"]
[Black "Romanenkov, Aleksandr"]
[Result "1/2-1/2"]
[WhiteElo "2282"]
[BlackElo "2105"]
[WhiteTeam "Krasnodar region"]
[BlackTeam "BOC Russian Federation (Smolensk region)"]
[WhiteFideId "4175492"]
[BlackFideId "24118478"]
[EventDate "2015.05.10"]

1. d4 c5 2. d5 e5 3. c4 d6 4. Nc3 g6 5. e4 Bg7 6. Be2 Ne7 7. Nf3 O-O 8. O-O a6
9. a3 h6 10. b4 b6 11. Nh4 Kh7 12. g3 f5 13. exf5 Nxf5 14. Nxf5 Bxf5 15. Bb2 Nd7
16. Qd2 Nf6 17. Bf3 Bh3 18. Rfe1 Qd7 19. Ne4 Bf5 20. Nxf6+ Rxf6 21. Be4 Raf8 22.
f4 R6f7 23. fxe5 dxe5 24. bxc5 bxc5 25. Re2 Bh3 26. Bg2 Bg4 27. Ree1 Bh3 28. Rf1
Bxg2 29. Kxg2 h5 30. Rae1 Qg4 31. Rxf7 Rxf7 32. Qe3 Qxc4 33. d6 Qd5+ 34. Kg1
Qxd6 35. Bxe5 Bxe5 36. Qxe5 Qd4+ 37. Qxd4 cxd4 38. Re6 Rc7 39. Rxa6 Rc1+ 40. Kf2
Rc2+ 41. Kf3 Rxh2 42. a4 d3 43. Rd6 Ra2 44. Rxd3 Rxa4 45. Rb3 Kh6 46. Rc3 1/2-1/2

[Event "TCh-RUS Blitz 2015"]
[Site "Sochi RUS"]
[Date "2015.05.10"]
[Round "11.33"]
[White "Skomorokhin, Roman"]
[Black "Tarasov, Alexandr"]
[Result "1-0"]
[WhiteTitle "IM"]
[WhiteElo "2381"]
[BlackElo "2261"]
[WhiteTeam "SK Volga (Kstovo)"]
[BlackTeam "Youth of Moscow (Moscow)"]
[WhiteFideId "4112610"]
[BlackFideId "24128600"]
[EventDate "2015.05.10"]

1. d4 Nf6 2. c4 e6 3. Nf3 c5 4. d5 b5 5. Bg5 exd5 6. cxb5 Bb7 7. e3 h6 8. Bh4 g5
9. Bg3 Bg7 10. Nc3 d6 11. Bd3 Ne4 12. O-O Nxc3 13. bxc3 Bxc3 14. Rc1 Bf6 15. Bb1
g4 16. Nd2 h5 17. e4 h4 18. Bf4 d4 19. Nc4 Be7 20. Qxg4 Qd7 21. Qg7 Rf8 22. Qh7
Qe6 23. Rfe1 Nd7 24. e5 dxe5 25. Bxe5 O-O-O 26. Bf5 Qd5 27. Be4 Qe6 28. Bxb7+
Kxb7 29. Bg7 Qg4 30. Bxf8 Bxf8 31. Qxf7 Kc8 1-0

[Event "TCh-RUS Blitz 2015"]
[Site "Sochi RUS"]
[Date "2015.05.10"]
[Round "11.34"]
[White "Kovalev, Egor"]
[Black "Skomorokhin, Vadim"]
[Result "0-1"]
[BlackTitle "FM"]
[WhiteElo "2125"]
[BlackElo "2342"]
[WhiteTeam "Youth of Moscow (Moscow)"]
[BlackTeam "SK Volga (Kstovo)"]
[WhiteFideId "24124117"]
[BlackFideId "4119835"]
[EventDate "2015.05.10"]

1. Nf3 d5 2. g3 Nf6 3. Bg2 Bf5 4. O-O Nbd7 5. d4 e6 6. c4 c6 7. b3 h6 8. Bb2 Be7
9. Nbd2 O-O 10. Ne5 a5 11. f3 Bh7 12. Nxd7 Qxd7 13. e4 a4 14. e5 Ne8 15. f4 Nc7
16. Kh1 axb3 17. axb3 Rxa1 18. Bxa1 c5 19. dxc5 Bxc5 20. Ne4 Be7 21. Nd6 Bxd6
22. exd6 Qxd6 23. Be5 Qd8 24. Qd4 f6 25. Bxc7 Qxc7 26. cxd5 exd5 27. Qxd5+ Rf7
28. Rd1 Bc2 29. Qd8+ Qxd8 30. Rxd8+ Kh7 31. Rb8 Rd7 32. h3 Rd1+ 33. Kh2 Rd2 34.
Kg1 Bxb3 35. Rxb7 Rxg2+ 0-1

[Event "TCh-RUS Blitz 2015"]
[Site "Sochi RUS"]
[Date "2015.05.10"]
[Round "11.35"]
[White "Talanin, Andrei"]
[Black "Smirnov, Timofey"]
[Result "1/2-1/2"]
[WhiteElo "2279"]
[BlackElo "2338"]
[WhiteTeam "SK Volga (Kstovo)"]
[BlackTeam "Youth of Moscow (Moscow)"]
[WhiteFideId "4117387"]
[BlackFideId "24176427"]
[EventDate "2015.05.10"]

1. d4 Nf6 2. Nf3 e6 3. c4 b6 4. g3 Bb7 5. Bg2 Bb4+ 6. Bd2 Be7 7. O-O O-O 8. Nc3
d6 9. Qc2 Nbd7 10. Rad1 d5 11. Ne5 c6 12. Nxd7 Qxd7 13. cxd5 cxd5 14. Qd3 a6 15.
Rc1 Rac8 16. Rc2 b5 17. Rfc1 b4 18. Nd1 Rxc2 19. Rxc2 Rc8 20. b3 Rxc2 21. Qxc2
Qc6 22. Qxc6 Bxc6 23. Nb2 Bb5 24. Bf1 Ne4 25. Be1 Bf6 26. Bxb4 Bxd4 27. Nd1 Bb6
28. a4 Bc6 29. e3 a5 30. Be1 Nc5 31. b4 axb4 32. Bxb4 Nxa4 33. h4 f6 34. Nc3
Nxc3 35. Bxc3 Kf7 36. Bd3 g6 37. Kf1 e5 38. Ke2 Bd7 39. Ba6 Ke6 40. Bb4 Bc6 41.
Bf8 Kf7 42. Bb4 d4 43. exd4 Bxd4 44. Bc4+ Kg7 45. Bd2 Bd7 46. Be3 Bxe3 47. Kxe3
f5 48. f3 Kf6 49. Bd3 h6 50. Bc2 Bc6 51. Bb1 Bd5 52. Bc2 g5 53. hxg5+ hxg5 54.
Bb1 f4+ 55. gxf4 gxf4+ 56. Kf2 Kg5 57. Bc2 Kf6 58. Bd3 Ke6 59. Be2 Kd6 60. Bd3
Kc5 61. Bf5 Kd4 62. Bg6 Kc3 63. Bf5 Kd2 64. Bg6 Kc3 65. Bf5 Kd4 66. Bg6 Be6 67.
Bb1 Kc5 68. Be4 Kd6 69. Bd3 Ke7 70. Bc2 Kf6 71. Ba4 Bd5 72. Bc2 Be6 73. Ba4 Bf5
74. Bc6 Ke6 75. Bb7 Kd6 76. Ba8 Kc5 77. Bb7 Kb6 78. Bd5 Kc5 79. Ba8 Kd6 80. Bb7
Be6 81. Be4 Ke7 82. Bd3 Kf6 83. Bc2 Bf5 84. Ba4 Ke7 85. Bc6 Kd6 86. Ba4 Kc5 87.
Be8 Kd4 88. Bc6 Be6 89. Ba4 Bd5 90. Bc2 Kc3 91. Bf5 Kd2 92. Bg6 Bc4 93. Be4 Bd3
94. Bd5 Bf5 95. Bc6 Kd3 96. Bb7 1/2-1/2

[Event "TCh-RUS Blitz 2015"]
[Site "Sochi RUS"]
[Date "2015.05.10"]
[Round "11.36"]
[White "Payanidi, Janis"]
[Black "Shumilina, Alexandra"]
[Result "1-0"]
[BlackTitle "WIM"]
[WhiteElo "2252"]
[BlackElo "2238"]
[WhiteTeam "Youth of Moscow (Moscow)"]
[BlackTeam "SK Volga (Kstovo)"]
[WhiteFideId "24128490"]
[BlackFideId "4165810"]
[EventDate "2015.05.10"]

1. a3 e5 2. c4 g6 3. Nc3 Bg7 4. g3 d6 5. Bg2 f5 6. d3 Nf6 7. e3 O-O 8. Nge2 c6
9. O-O Be6 10. b3 Nbd7 11. Bb2 d5 12. cxd5 cxd5 13. d4 e4 14. a4 a6 15. Ba3 Re8
16. Rc1 Rc8 17. Na2 g5 18. Rxc8 Qxc8 19. Qc1 Qb8 20. Qd2 Nf8 21. Qb4 Ng6 22. Qd6
Qxd6 23. Bxd6 Rc8 24. Rc1 Rxc1+ 25. Naxc1 Kf7 26. b4 Bd7 27. a5 Ke6 28. Bc5 Bc6
29. Nc3 Nd7 30. Nb3 Bf6 31. Bf1 Bd8 32. b5 axb5 33. Bxb5 Nxc5 34. Nxc5+ Kd6 35.
a6 bxa6 36. Bxa6 Ba5 37. N3a4 Bb4 38. Be2 Ne7 39. Ba6 Ng8 40. Kg2 h6 41. Bc8 Ne7
42. Ba6 Kc7 43. h3 Kd6 44. Kh2 Kc7 45. Kg2 Kd6 46. Kh2 f4 47. gxf4 gxf4 48. Kg2
fxe3 49. fxe3 Nf5 50. Kf2 Bd2 51. Bc8 Nxe3 52. Ke2 Nc4 53. Ba6 Bb4 54. Bxc4 dxc4
55. Ke3 c3 56. Ke2 Kd5 57. Ke3 c2 58. Nb6+ Kd6 59. Nb3 Ba5 60. Nc4+ Ke6 61.
Ncxa5 Bd5 62. Kd2 Kf5 63. Kxc2 Kf4 64. Kd2 e3+ 65. Ke2 Bf3+ 66. Ke1 Bg2 67. h4
Bf3 68. Nc5 Kg3 69. Nc4 e2 70. Ne5 Bd5 71. h5 Kh4 72. Ng6+ Kg5 73. Nd3 Be4 74.
Ndf4 Bf3 75. Kf2 Be4 76. Kxe2 Bf5 77. Ke3 Bg4 78. Kd3 Bf5+ 79. Kc4 Bg4 80. d5
Bf5 81. Kc5 Kf6 82. d6 Bg4 83. Kc6 Kg5 84. d7 Bxd7+ 85. Kxd7 Kf6 86. Ke8 Kg7 87.
Ke7 Kh7 88. Nf8+ Kg7 89. N8e6+ Kh7 90. Nd4 Kg7 91. Nf5+ Kh7 92. Kf6 1-0